Accounting with MYOB 2015/ (Record no. 14693)

MARC details
000 -LEADER
fixed length control field 00412nam a2200157Ia 4500
003 - CONTROL NUMBER IDENTIFIER
control field OSt
005 - DATE AND TIME OF LATEST TRANSACTION
control field 20241023105651.0
008 - FIXED-LENGTH DATA ELEMENTS--GENERAL INFORMATION
fixed length control field 230312s9999||||xx |||||||||||||| ||und||
040 ## - CATALOGING SOURCE
Original cataloging agency 123
082 ## - DEWEY DECIMAL CLASSIFICATION NUMBER
Classification number 657.0285
Item number PER-A
100 ## - MAIN ENTRY--PERSONAL NAME
Personal name perrin brian
245 #0 - TITLE STATEMENT
Title Accounting with MYOB 2015/
Remainder of title by Wendy Pabst, Brian Perrin
260 ## - PUBLICATION, DISTRIBUTION, ETC.
Place of publication, distribution, etc. Australia :
Name of publisher, distributor, etc. Cengage Learning ;
Date of publication, distribution, etc. 2016
650 ## - SUBJECT ADDED ENTRY--TOPICAL TERM
Topical term or geographic name entry element Management
942 ## - ADDED ENTRY ELEMENTS (KOHA)
Koha item type BOOK
Source of classification or shelving scheme Dewey Decimal Classification
Holdings
Withdrawn status Lost status Damaged status Not for loan Home library Current library Date acquired Total Checkouts Full call number Barcode Date last seen Price effective from Koha item type
        Superior Information Resource Center (SIRC) Superior University- Central Library Superior Information Resource Center (SIRC) Superior University- Central Library 03/13/2023   657.0285 PER-A 14835 03/13/2023 03/13/2023 BOOK

Powered by Koha